Лабораторный практикум по общей и неорганической химии: учебное пособие
| Autore principale: | |
|---|---|
| Ente Autore: | |
| Altri autori: | , |
| Riassunto: | Заглавие с титульного экрана Электронная версия печатной публикации Пособие является частью часть учебно-методического комплекса кафедры общей и неорганической химии Томского политехнического университета. Содержит описание лабораторных работ по основным разделам дисциплины, а также работ, содержание которых учитывает разнообразие специальностей технических университетов. Предназначено для студентов химических и нехимических направлений и специальностей технических университетов. Режим доступа: из корпоративной сети ТПУ |
| Lingua: | russo |
| Pubblicazione: |
Томск, Изд-во ТПУ, 2013
|
| Edizione: | 3-е изд., перераб. и доп. |
| Soggetti: | |
| Accesso online: | http://www.lib.tpu.ru/fulltext2/m/2014/m037.pdf |
| Natura: | MixedMaterials Elettronico Libro |
| KOHA link: | https://koha.lib.tpu.ru/cgi-bin/koha/opac-detail.pl?biblionumber=253316 |
MARC
| LEADER | 00000nlm0a2200000 4500 | ||
|---|---|---|---|
| 001 | 253316 | ||
| 005 | 20240219143556.0 | ||
| 035 | |a (RuTPU)RU\TPU\book\275702 | ||
| 090 | |a 253316 | ||
| 100 | |a 20140312d2013 m y0rusy50 ca | ||
| 101 | 0 | |a rus | |
| 102 | |a RU | ||
| 105 | |a a j 001zy | ||
| 135 | |a drcn ---uucaa | ||
| 181 | 0 | |a i | |
| 182 | 0 | |a b | |
| 200 | 1 | |a Лабораторный практикум по общей и неорганической химии |e учебное пособие |f Н. Ф. Стась, А. А. Плакидкин, Е. М. Князева |g Национальный исследовательский Томский политехнический университет (ТПУ) | |
| 203 | |a Текст |c электронный | ||
| 205 | |a 3-е изд., перераб. и доп. | ||
| 210 | |a Томск |c Изд-во ТПУ |d 2013 | ||
| 300 | |a Заглавие с титульного экрана | ||
| 300 | |a Электронная версия печатной публикации | ||
| 330 | |a Пособие является частью часть учебно-методического комплекса кафедры общей и неорганической химии Томского политехнического университета. Содержит описание лабораторных работ по основным разделам дисциплины, а также работ, содержание которых учитывает разнообразие специальностей технических университетов. Предназначено для студентов химических и нехимических направлений и специальностей технических университетов. | ||
| 333 | |a Режим доступа: из корпоративной сети ТПУ | ||
| 337 | |a Adobe Reader | ||
| 606 | 1 | |a Химия общая |2 stltpush |3 (RuTPU)RU\TPU\subj\67862 |9 83510 | |
| 606 | 1 | |a Неорганическая химия |2 stltpush |3 (RuTPU)RU\TPU\subj\67586 |9 83311 | |
| 610 | 1 | |a электронный ресурс | |
| 610 | 1 | |a учебные пособия | |
| 610 | 1 | |a труды учёных ТПУ | |
| 610 | 1 | |a атомно-молекулярное учение | |
| 610 | 1 | |a неорганические вещества | |
| 610 | 1 | |a химические реакции | |
| 610 | 1 | |a растворы | |
| 610 | 1 | |a электрохимические процессы | |
| 610 | 1 | |a неорганическая химия | |
| 610 | 1 | |a галогены | |
| 610 | 1 | |a сера | |
| 610 | 1 | |a бор | |
| 610 | 1 | |a алюминий | |
| 610 | 1 | |a s-элементы | |
| 610 | 1 | |a хром | |
| 610 | 1 | |a соединения | |
| 610 | 1 | |a марганец | |
| 610 | 1 | |a железо | |
| 610 | 1 | |a кобальт | |
| 610 | 1 | |a никель | |
| 610 | 1 | |a медь | |
| 610 | 1 | |a серебро | |
| 610 | 1 | |a цинк | |
| 610 | 1 | |a кадмий | |
| 610 | 1 | |a ртуть | |
| 610 | 1 | |a синтез | |
| 610 | 1 | |a лабораторные работы | |
| 675 | |a 54(076.5) |v 3 | ||
| 675 | |a 546(076.5) |v 3 | ||
| 700 | 1 | |a Стась |b Н. Ф. |c химик |c доцент Томского политехнического университета, кандидат химических наук |f 1939- |g Николай Фёдорович |3 (RuTPU)RU\TPU\pers\25192 | |
| 701 | 1 | |a Плакидкин |b А. А. |c российский химик |c доцент Томского политехнического университета |g Александр Анатольевич |3 (RuTPU)RU\TPU\pers\26867 | |
| 701 | 1 | |a Князева |b Е. М. |c химик |c доцент Томского политехнического университета, кандидат химических наук |f 1956- |g Елена Михайловна |3 (RuTPU)RU\TPU\pers\26753 |9 12396 | |
| 712 | 0 | 2 | |a Национальный исследовательский Томский политехнический университет (ТПУ) |b Институт физики высоких технологий (ИФВТ) |b Кафедра общей и неорганической химии (ОНХ) |3 (RuTPU)RU\TPU\col\18686 |
| 801 | 1 | |a RU |b 63413507 |c 20140312 | |
| 801 | 2 | |a RU |b 63413507 |c 20160616 |g RCR | |
| 856 | 4 | |u http://www.lib.tpu.ru/fulltext2/m/2014/m037.pdf | |
| 942 | |c CF | ||